Achieving public sector agility at times of fiscal consolidation

Saved in:
Bibliographic Details
Format: Book
Language:English
Published: Paris OECD 2015
Series:OECD public governance reviews
Subjects:
Tags: Add Tag
No Tags, Be the first to tag this record!

MARC

LEADER 00000nam a2200000 4500
001 0210821
005 20240314122712.5
020 |a 978-92-64-20607-6 
041 0 |a eng 
044 |a FR 
245 1 0 |a Achieving public sector agility at times of fiscal consolidation 
264 1 |a Paris  |b OECD  |c 2015 
300 |a 162 s. 
490 1 |a OECD public governance reviews 
830 0 |a OECD public governance reviews 
610 2 0 |a správa verejná 
610 2 0 |a pružnosť 
610 2 0 |a rozpočtovanie 
610 2 0 |a politika fiškálna 
610 2 0 |a riadenie ľudských zdrojov 
610 2 0 |a technológie informačné 
610 2 0 |a technológie komunikačné 
610 2 0 |a vodcovstvo 
610 2 0 |a transformácia